Alle Spieler von Borussia Dortmund seit 00/01 - Statistiken

Allgemein
  • Dieses Quiz wurde 148 mal gespielt
    15 seit der letzten Aktualisierung
  • Das Durchschnittsergebnis liegt bei 115 aus 235
Antwortstatistiken
Borussia Dortmund % Korrekt
Jadon Sancho
100%
Kevin Großkreutz
100%
Marco Reus
100%
Mario Götze
100%
Mats Hummels
100%
Pascal Groß
100%
Roman Weidenfeller
100%
Dede
93%
Gregor Kobel
93%
Jobe Bellingham
93%
Jude Bellingham
93%
Marcel Schmelzer
93%
Marvin Hitz
93%
Neven Subotic
93%
Nuri Sahin
93%
Paco Alcacer
93%
Pierre-Emerick Aubameyang
93%
Sebastian Kehl
93%
Sven Bender
93%
Anthony Modeste
87%
Cedric Van der Gun
87%
Emre Can
87%
Henrikh Mkhitaryan
87%
Ilkay Gündogan
87%
Jan Koller
87%
Jonas Hofmann
87%
Julian Brandt
87%
Karim Adeyemi
87%
Nico Schlotterbeck
87%
Robert Lewandowski
87%
Shinji Kagawa
87%
Sokratis
87%
Tomas Rosicky
87%
Adrian Ramos
80%
Alexander Meyer
80%
Alex Frei
80%
Axel Witsel
80%
Christian Pulisic
80%
Christoph Metzelder
80%
Ciro Immobile
80%
Felipe Santana
80%
Florian Kringe
80%
Ivan Perisic
80%
Julian Ryerson
80%
Julian Schieber
80%
Lucas Barrios
80%
Lukasz Piszczek
80%
Malte Metzelder
80%
Mitchell Langerak
80%
Niclas Füllkrug
80%
Ousmane Dembele
80%
Roman Bürki
80%
Thomas Meunier
80%
Thorgan Hazard
80%
Andre Schürrle
73%
Erik Durm
73%
Erling Haaland
73%
Felix Nmecha
73%
Giovanni Reyna
73%
Jens Lehmann
73%
Lars Ricken
73%
Mahmoud Dahoud
73%
Maximilian Beier
73%
Mladen Petric
73%
Mohamed Zidan
73%
Niklas Süle
73%
Patrick Owomoyela
73%
Ramy Bensebaini
73%
Salih Özcan
73%
Serhou Guirassy
73%
Tinga
73%
Torsten Frings
73%
Waldemar Anton
73%
Youssoufa Moukoko
73%
Antonio Da Silva
67%
Christian Wörns
67%
Daniel Svensson
67%
Ian Maatsen
67%
Jakub Blaszczykowski
67%
Jürgen Kohler
67%
Manuel Akanji
67%
Marcio Amoroso
67%
Marius Wolf
67%
Marvin Ducksch
67%
Matthias Ginter
67%
Robert Kovac
67%
Stefan Reuter
67%
Achraf Hakimi
60%
Diego Klimowicz
60%
Jamie Gittens
60%
Julian Weigl
60%
Marcel Sabitzer
60%
Michy Batshuayi
60%
Nico Schulz
60%
Sebastien Haller
60%
Steven Pienaar
60%
Thomas Delaney
60%
Andriy Yarmolenko
53%
David Odonkor
53%
Delron Buckley
53%
Donyell Malen
53%
Ewerthon
53%
Gonzalo Castro
53%
Heiko Herrlich
53%
Jacob Bruun Larsen
53%
Manuel Friedrich
53%
Marc-Andre Kruska
53%
Marc Ziegler
53%
Maximilian Philipp
53%
Moritz Leitner
53%
Nelson Valdez
53%
Ömer Toprak
53%
Raphael Guerreiro
53%
Reinier
53%
Sebastian Rode
53%
Tamas Hajnal
53%
Tom Rothe
53%
Dan-Axel Zagadou
47%
Dimitar Rangelov
47%
Ebi Smolarek
47%
Emre Mor
47%
Fabio Silva
47%
Felix Passlack
47%
Kevin Kampl
47%
Koray Günter
47%
Marc Bartra
47%
Markus Feulner
47%
Martin Amedick
47%
Milos Jojic
47%
Miroslav Stevic
47%
Philipp Degen
47%
Yan Couto
47%
Adnan Januzaj
40%
Almugera Kabar
40%
Ansgar Knauff
40%
Christian Nerlinger
40%
Evanilson
40%
Filippo Mane
40%
Giovanni Federico
40%
Giuseppe Reina
40%
Guy Demel
40%
Jörg Heinrich
40%
Kevin-Prince Boateng
40%
Leonardo Bittencourt
40%
Markus Brzenska
40%
Mehmet Akgün
40%
Niclas Jensen
40%
Oliver Kirch
40%
Samuele Inacio
40%
Aaron Anselmino
33%
Abdou Diallo
33%
Ahmed Madouni
33%
Antonio Rukavina
33%
Chris Löwe
33%
Guillaume Warmuz
33%
Jeremy Toljan
33%
Ju-Ho Park
33%
Julian Koch
33%
Luca Reggiani
33%
Marco Stiepermann
33%
Marin Pongracic
33%
Otto Addo
33%
Sergio Gomez
33%
Young-Pyo Lee
33%
Andre Bergdölmo
27%
Carney Chukwuemeka
27%
Cole Campbell
27%
Dzenis Burnic
27%
Fredi Bobic
27%
Ibrahim Tanko
27%
Kjell Wätjen
27%
Matthew Amoah
27%
Sebastian Tyrala
27%
Steffen Tigges
27%
Sunday Oliseh
27%
Uwe Hünemeier
27%
Alexander Bade
20%
Bajram Sadrijaj
20%
Balint Bajner
20%
Damien Le Tallec
20%
Dennis Gentenaar
20%
Eric Oelschlägel
20%
Flavio Conceicao
20%
Justin Njinmah
20%
Leandro
20%
Leonardo Balerdi
20%
Marcel Höttecke
20%
Mateu Morey
20%
Mikel Merino
20%
Niklas Beste
20%
Philipp Laux
20%
Sahr Senesie
20%
Salvatore Gambino
20%
Samuel Bamba
20%
Victor Ikpeba
20%
Alexander Isak
13%
Antonios Papadopoulos
13%
Daniel Gordon
13%
Juan Fernandez
13%
Marco Pasalic
13%
Marian Sarr
13%
Nico Hillenbrand
13%
Pascal Stenzel
13%
Yannik Lührs
13%
Alfred Nijhuis
7%
Ayman Azhil
7%
Hendry Blank
7%
Immanuel Pherai
7%
Jan Derek Sorensen
7%
Jeremy Dudziak
7%
Julien Duranville
7%
Lennard Maloney
7%
Mitsuru Maruoka
7%
Soumaila Coulibaly
7%
Christian Eggert
0%
Christopher Kullmann
0%
Christopher Nöthe
0%
Emmanuel Krontiris
0%
Florian Thorwart
0%
Francis Bugri
0%
Joe Gyau
0%
Jordi Paulina
0%
Kosi Saka
0%
Lion Semic
0%
Mahir Saglik
0%
Marcus Steegmann
0%
Nizamettin Caliskan
0%
Ole Pohlmann
0%
Patrick Kohlmann
0%
Patrick Njambe
0%
Sascha Rammel
0%
Sead Kapetanovic
0%
Sören Pirson
0%
Tobias Raschl
0%
Yasin Öztekin
0%
Keine übereinstimmenden Quizze gefunden
Verteilung der Resultate
Anzahl Personen mit jedem Resultat
Perzentil nach korrekt beantworteten Fragen
Ihre Resultats-Entwicklung
Sie haben dieses Quiz seit der letzten Aktualisierung nicht gespielt